000
00321nam a2200133Ia 4500
008
240624s9999 xx 000 0 und d
041
_a
eng
082
_a
823 COO
100
_a
COOVADIA IMRAAN
245
_a
HIGH LOW IN BETWEEN
260
_c
2010
_a
New Delhi
_b
HarperCollins India
300
_a
268 : p.
365
_c
RS
_b
20
999
_c
15865
_d
15865